000 00423nam a22001697a 4500
003 NUST - PNEC
005 20170116180953.0
008 150908b xxu||||| |||| 00| 0 eng d
020 _a9788131764046
040 _cLIBRARY
082 _a621.381 COG
100 _99232
_aCogdell, J. R.
245 _aFoundations of electronics
_cJ. R. Cogdell
260 _c2012
650 _95768
_aelectronics
_xEE, EL
942 _2ddc
_cBK
999 _c66480
_d66480